Introduction to the finite element method (Record no. 14082)
[ view plain ]
| 000 -LEADER | |
|---|---|
| fixed length control field | 00318nam a22001217a 4500 |
| 020 ## - INTERNATIONAL STANDARD BOOK NUMBER | |
| ISBN | 9780070607415 |
| 082 ## - DEWEY DECIMAL CLASSIFICATION NUMBER | |
| Classification number | 620.0015 |
| Item number | RED/IN |
| 100 ## - MAIN ENTRY--AUTHOR NAME | |
| Personal name | RED/IN |
| 245 ## - TITLE STATEMENT | |
| Title | Introduction to the finite element method |
| 250 ## - EDITION STATEMENT | |
| Edition statement | 3rd |
| 260 ## - PUBLICATION, DISTRIBUTION, ETC. (IMPRINT) | |
| Place of publication | New Delhi |
| Name of publisher | Tata McGraw Hill Education Private Limited |
| Year of publication | 2011 |
| 942 ## - ADDED ENTRY ELEMENTS (KOHA) | |
| Koha item type | Books |
| Withdrawn status | Lost status | Damaged status | Collection code | Home library | Current library | Shelving location | Date acquired | Source of acquisition | Cost, normal purchase price | Full call number | Accession Number | Koha item type |
|---|---|---|---|---|---|---|---|---|---|---|---|---|
| KAUAET | KAUAET | General Stacks | 30/03/2013 | Aman Book Stall, Calicut | 475.00 | 620.0015 RED/IN | 24061 | Books |
